000 01063nam a2200301 i 4500
001 bg
100 1 _aBędkowski, Lesław.
245 1 0 _aPodstawy eksploatacji.
_nCz. 2,
_pPodstawy niezawodności eksploatacji /
_cLesław Będkowski, Tadeusz Dąbrowski.
260 _aWarszawa :
_bWojskowa Akademia Techniczna,
_c2006.
300 _a187 s. :
_brys. ;
_c24 cm.
504 _aBibliogr. s. 187. Indeks.
521 _aPodręcznik dla studentów Wydziału Elektroniki Wojskowej Akademii Technicznej.
650 9 _aDiagnostyka techniczna
650 9 _aNiezawodność
655 _aPodręczniki akademickie
700 1 _aDąbrowski, Tadeusz
020 _a8389399318
020 _a9788389399311
040 _cBPK
041 0 _apol
044 _aPOL
080 _a62-192(075.8)
920 _a83-89399-31-8
920 _a978-83-89399-31-1
942 _cKS
008 s pl f |000 0 pol
999 _c54815
_d54815
856 _uhttp://koha.tu.koszalin.pl/cgi-bin/koha/opac-detail.pl?biblionumber=54815
_yKatalog online BPK